| 000 | 00697nam a2200277 a 4500 | ||
|---|---|---|---|
| 001 | 32146 | ||
| 003 | AR-BaAGN | ||
| 005 | 20231116145655.0 | ||
| 007 | ta | ||
| 008 | 220625s1994 ag |||||r|||| ||||||spa d | ||
| 020 | _a950-843-060-5 | ||
| 040 |
_dAR-BaAGN _aAR-BaAGN _bspa _eaacr |
||
| 100 | 1 | _aPesl, Ignacio Pedro | |
| 245 | 1 | 0 | _aBases del gran pensamiento argentino |
| 250 | _a1ª ed. | ||
| 260 |
_aBuenos Aires : _bVinciguerra, _cc1994. |
||
| 300 | _a350 páginas | ||
| 336 |
_2rdacontent _btxt |
||
| 337 |
_2rdamedia _bn |
||
| 338 |
_2rdacarrier _bnc |
||
| 490 | 0 |
_aLa nueva génesis ; _v1 |
|
| 650 | 4 |
_aFILOSOFÍA _91702 |
|
| 942 | _cLIBRO | ||
| 999 |
_c32146 _d32146 |
||